000 00660nam a2200193 a 4500
008 120416s1973 ||||||||||||||||| || u
020 _a0715607146
050 _aBD 161 Jol
100 _aJolley, J. L
245 1 4 _aThe fabric of knowledge: a study of the relations between ideas
260 _aLondon:
_bDuekworth
_c1973
300 _a130p. : ill.
350 _a0.00
650 0 _aKNOWLEDGE, THEORY OF
650 _aPHILOSOPHY
650 _aRELATION (PHILOSOPHY)
650 _aIDEAS (PHILOSOPHY)
995 _D0.00
_FCBU-MAIN LIBRARY (Kitwe)
_H1
_I6.95
_M1
_UAVAILABLE
_ZMain Library Open Access Collection
999 _c43048
_d43048